<?xml version="1.0" encoding="UTF-8"?>
<record
    xmlns:xsi="http://www.w3.org/2001/XMLSchema-instance"
    xsi:schemaLocation="http://www.loc.gov/MARC21/slim http://www.loc.gov/standards/marcxml/schema/MARC21slim.xsd"
    xmlns="http://www.loc.gov/MARC21/slim">

  <leader>00822nam a2200217Ia 4500</leader>
  <controlfield tag="003">IN-BaIIA</controlfield>
  <controlfield tag="008">211028s9999    xx            000 0 eng d</controlfield>
  <datafield tag="020" ind1=" " ind2=" ">
    <subfield code="a">0-7923-7145-3</subfield>
  </datafield>
  <datafield tag="040" ind1=" " ind2=" ">
    <subfield code="c">IIA Library</subfield>
  </datafield>
  <datafield tag="111" ind1=" " ind2=" ">
    <subfield code="a">Torun Workshop Post - AGB Objects as a Phase of Stellar Evolution</subfield>
    <subfield code="c">Torun, Poland</subfield>
    <subfield code="d">2000 July 5-7</subfield>
    <subfield code="9">25838</subfield>
  </datafield>
  <datafield tag="245" ind1=" " ind2="0">
    <subfield code="a">Post - AGB objects as a phase of stellar evolution</subfield>
    <subfield code="b">proceedings of the Torun workshop, Torun, Poland, July 5-7, 2000</subfield>
    <subfield code="c">edited by R. Szczerba and S. K. Gorny</subfield>
  </datafield>
  <datafield tag="260" ind1=" " ind2=" ">
    <subfield code="a">Dordrecht</subfield>
    <subfield code="b">Kluwer Academic</subfield>
    <subfield code="c">2001</subfield>
  </datafield>
  <datafield tag="300" ind1=" " ind2=" ">
    <subfield code="a">xxi, 448p.</subfield>
  </datafield>
  <datafield tag="490" ind1=" " ind2=" ">
    <subfield code="a">Astrophysics and space science library; v. 265</subfield>
  </datafield>
  <datafield tag="650" ind1=" " ind2=" ">
    <subfield code="a">Atmomic gas</subfield>
    <subfield code="9">25839</subfield>
  </datafield>
  <datafield tag="650" ind1=" " ind2=" ">
    <subfield code="a">Spectroscopy</subfield>
    <subfield code="9">1535</subfield>
  </datafield>
  <datafield tag="650" ind1=" " ind2=" ">
    <subfield code="a">Stellar evolution</subfield>
  </datafield>
  <datafield tag="700" ind1=" " ind2=" ">
    <subfield code="a">Gorny, S. K., ed.</subfield>
    <subfield code="9">25840</subfield>
  </datafield>
  <datafield tag="700" ind1=" " ind2=" ">
    <subfield code="a">Szczerba, R., ed.</subfield>
    <subfield code="9">25841</subfield>
  </datafield>
  <datafield tag="942" ind1=" " ind2=" ">
    <subfield code="c">BK</subfield>
  </datafield>
  <datafield tag="999" ind1=" " ind2=" ">
    <subfield code="c">14541</subfield>
    <subfield code="d">14541</subfield>
  </datafield>
  <datafield tag="952" ind1=" " ind2=" ">
    <subfield code="0">0</subfield>
    <subfield code="1">0</subfield>
    <subfield code="4">0</subfield>
    <subfield code="7">0</subfield>
    <subfield code="a">BAN</subfield>
    <subfield code="b">BAN</subfield>
    <subfield code="c">GEN</subfield>
    <subfield code="d">2002-03-27</subfield>
    <subfield code="g">7330.40</subfield>
    <subfield code="l">0</subfield>
    <subfield code="p">15463</subfield>
    <subfield code="r">2021-11-05</subfield>
    <subfield code="v">7330.40</subfield>
    <subfield code="w">2002-03-27</subfield>
    <subfield code="y">BK</subfield>
    <subfield code="G">Rs. 7330.40</subfield>
  </datafield>
</record>
